00989nam a2200253 450000100060000000300080000600500170001400800410003103500190007204000320009104100080012308200210013124500760015226000460022830000290027435000090030350400310031265100570034370000280040094200120042899900170044095201400045795201380059735047BD-RjUL20211209052242.0140520s1967 enk b 000 0 eng d a(BD-RjUL)35141 aDLCcDLCdDLCdBD-RjULbeng aeng00a320.04bESS 196710aEssays on reform, 1967:ba centenary tribute,cedited by Bernard Crick. aLondon ;aNew York :bOxford U.P.,c1967. aix, 222 p. ;c22 1/2 cm. a30/- aBibliographical footnotes. 0aGreat BritainxPolitics and governmenty1945-9773221 aCrick, Bernard,9106723 2ddccBK c35047d35047 00102ddc40718NFICaRUCLbRUCLcReadingd1970-01-15eZeitlingerg30.00l0o320.04 ESS 1967r2014-05-20 00:00:00tC-1w2014-05-20yBK 00102ddc40708NFICaRUCLbRUCLcStackd1970-01-15eZeitlingerg30.00l0o320.04 ESS 1967r2014-05-20 00:00:00tC-2w2014-05-20yBK